00419 2200157 4500245005700000020002200057250001000079100002000089700002500109005001900134260005700153041001400210084001000224300001800234336000900252 aDongeng dari Nagari SarilamakcMaya Lestari GfhText a978-602-6477-52-1 aCet.1 aMaya Lestari Gf aLarasputri Setyawati a20240926090958 aJakartabKementerian Pendidikan dan Kebudayaanc2019 aIndonesia a741.5 a49 hlm :cpdf atext